Представление документа в формате MARC21

ПолеНазваниеЗначение
  Тип записи a
  Библиографический уровень m
001 Контрольный номер RU\infra-m\znanium\bibl\2237059
005 Дата корректировки 20260429142107.8
008 Кодируемые данные 260120s2025 RU g rus u
020 Индекс ISBN __
a ISBN 978-5-9614-8693-3
040 Источник каталогиз. __
a Служба первич. каталог. Общество с ограниченной ответственностью «ЗНАНИУМ»
041 Код языка издания __
a Код языка текста rus
044 Код страны публикации __
a Код страны публикации RU
080 Индекс УДК __
a Индекс УДК 821
084 Индекс другой классификации/Индекс ББК __
2 Источник индекса rubbk
a Индекс другой классификации/Индекс ББК 84
100 Автор __
a Автор Франча М.
q Полное имя Франча Марозелла Ди
245 Заглавие __
a Заглавие Женщина, которая жила у моря
b Продолж. заглавия Художественная литература
250 Сведения об издании __
a Основные сведения об издании 1
260 Выходные данные __
a Место издания Москва
b Издательство ООО "Альпина Паблишер"
c Дата издания 2026
300 Физическое описание __
a Объем 424 с.
520 Аннотация __
a Аннотация Сицилия 1904 год. Накануне помолвки юная свободолюбивая Костанца узнает что ее отец покончил жизнь самоубийством. Помолвка разорвана и родные отправляют сломленную горем девушку в Нью- Йорк — город куда переезжают многие итальянцы в поисках лучшей доли. Она селится у дальних родственников и начинает жизнь с нуля переживая болезненную тоску по дому. Лишь перебравшись в Неаполь Костанца снова обретает способность дышать и любить. Сто с лишним лет спустя ее правнучка оперная певица Лучилла случайно узнаёт о судьбе прабабушки и предпринимает попытку отыскать ее следы. Этаистория наполнена грозной музыкой волн и ароматами прибрежных городов. Здесь радости и трагедии героини переплетаются с историческими событиями. Но какие бы штормы ни приготовила ей судьба вечное синее море «где родится и умирает солнце» утешает и дарит покой.
521 Примеч. о цел. назн. __
a Примеч. о целев. назн. Дополнительное образование взрослых
650 Тематические рубрики __
a Основная рубрика Художественная литература. Досуг
x Основная подрубрика Современная литература Европы
655 Указ. предметных рубрик (устаревшее) __
a Жанр/ форма (устаревшее) Художественная литература
700 Другие авторы __
a Другие авторы Мастрочинкве Д.
q Полное имя Мастрочинкве Даниэла
856 Электронный адрес документа 4_
a Имя сервера/домена znanium.ru
m Помощь ebs_support@infra-m.ru
n Местонахождение сервера НИЦ ИНФРА-М
u URL https://znanium.ru/catalog/document?id=474814
856 Электронный адрес документа 48
a Имя сервера/домена znanium.ru
d Путь /cover/2237
f Электронное имя 2237059.jpg
q Тип электронного формата image/jpeg
u URL https://znanium.ru/cover/2237/2237059.jpg
911 __
u 0030=https://znanium.ru/catalog/document?id=474814